LEADER 03880nam 2200805Ia 450 001 9910459430903321 005 20200520144314.0 010 $a1-282-69770-6 010 $a9786612697708 010 $a0-520-94581-6 024 7 $a10.1525/9780520945814 035 $a(CKB)2670000000035596 035 $a(EBL)566766 035 $a(OCoLC)654118565 035 $a(SSID)ssj0000426554 035 $a(PQKBManifestationID)11277245 035 $a(PQKBTitleCode)TC0000426554 035 $a(PQKBWorkID)10373051 035 $a(PQKB)10609082 035 $a(StDuBDS)EDZ0000056089 035 $a(MiAaPQ)EBC566766 035 $a(OCoLC)868028693 035 $a(MdBmJHUP)muse30770 035 $a(DE-B1597)520996 035 $a(DE-B1597)9780520945814 035 $a(Au-PeEL)EBL566766 035 $a(CaPaEBR)ebr10402713 035 $a(CaONFJC)MIL269770 035 $a(EXLCZ)992670000000035596 100 $a20100406d2010 uy 0 101 0 $aeng 135 $aur|n|---||||| 181 $ctxt 182 $cc 183 $acr 200 14$aThe quest for the lost nation$b[electronic resource] $ewriting history in Germany and Japan in the American century /$fSebastian Conrad ; translated by Alan Nothnagle 210 $aBerkeley $cUniversity of California Press$d2010 215 $a1 online resource (400 p.) 225 1 $aThe California world history library ;$v12 300 $aDescription based upon print version of record. 311 $a0-520-25944-0 320 $aIncludes bibliographical references and index. 327 $tFrontmatter -- $tCONTENTS -- $tIntroduction -- $tChapter One. Mapping Postwar Historiography in Germany and Japan -- $tChapter Two. The Origin of the Nation -- $tChapter Three. The Nation as Victim -- $tChapter Four. The Invention of Contemporary History -- $tChapter Five.The Temporalization of Space -- $tChapter Six. History and Memory -- $tNOTES -- $tBIBLIOGRAPHY -- $tACKNOWLEDGMENTS -- $tINDEX 330 $aHighly praised when published in Germany, The Quest for the Lost Nation is a brilliant chronicle of Germany's and Japan's struggles to reclaim a defeated national past. Sebastian Conrad compares the ways German and Japanese scholars revised national history after World War II in the shadows of fascism, surrender, and American occupation. Defeat in 1945 marked the death of the national past in both countries, yet, as Conrad proves, historians did not abandon national perspectives during reconstruction. Quite the opposite-the nation remained hidden at the center of texts as scholars tried to make sense of the past and searched for fragments of the nation they had lost. By situating both countries in the Cold War, Conrad shows that the focus on the nation can be understood only within a transnational context. 410 0$aCalifornia world history library ;$v12. 606 $aHistoriography$zGermany$xHistory$y20th century 606 $aWorld War, 1939-1945$xInfluence 606 $aWorld War, 1939-1945$xSocial aspects$zGermany 606 $aWorld War, 1939-1945$xSocial aspects$zJapan 606 $aCold War$xSocial aspects$zGermany 606 $aCold War$xSocial aspects$zJapan 607 $aJapan$xHistory$y20th century 607 $aGermany$xHistoriography 607 $aJapan$xHistoriography 608 $aElectronic books. 615 0$aHistoriography$xHistory 615 0$aWorld War, 1939-1945$xInfluence. 615 0$aWorld War, 1939-1945$xSocial aspects 615 0$aWorld War, 1939-1945$xSocial aspects 615 0$aCold War$xSocial aspects 615 0$aCold War$xSocial aspects 676 $a943.086072/043 700 $aConrad$b Sebastian$0610553 801 0$bMiAaPQ 801 1$bMiAaPQ 801 2$bMiAaPQ 906 $aBOOK 912 $a9910459430903321 996 $aThe quest for the lost nation$92465067 997 $aUNINA LEADER 02889nam 2200709 a 450 001 9910784523903321 005 20230828214332.0 010 $a1-281-29499-3 010 $a9786611294991 010 $a1-84714-149-8 035 $a(CKB)1000000000399523 035 $a(EBL)436215 035 $a(OCoLC)229445688 035 $a(SSID)ssj0000198501 035 $a(PQKBManifestationID)11187602 035 $a(PQKBTitleCode)TC0000198501 035 $a(PQKBWorkID)10171511 035 $a(PQKB)10429523 035 $a(MiAaPQ)EBC436215 035 $a(Au-PeEL)EBL436215 035 $a(CaPaEBR)ebr10224802 035 $a(CaONFJC)MIL129499 035 $a(OCoLC)893334011 035 $a(EXLCZ)991000000000399523 100 $a20060908d2006 uy 0 101 0 $aeng 135 $aurcn||||||||| 181 $ctxt 182 $cc 183 $acr 200 10$aMasculinity in fiction and film$b[electronic resource] $erepresenting men in popular genres, 1945-2000 /$fBrian Baker 210 $aLondon ;$aNew York $cContinuum$dc2006 215 $a1 online resource (186 p.) 225 1 $aContinuum literary studies 300 $aDescription based upon print version of record. 311 $a1-84706-262-8 311 $a0-8264-8652-5 320 $aIncludes bibliographical references (p. [158]-168) and index. 327 $aContents; Acknowledgements; Introduction; CHAPTER ONE: Cold Warriors; CHAPTER TWO: Soldier, Spy; CHAPTER THREE: Operatives; CHAPTER FOUR: The Psycho in the Grey Flannel Suit; CHAPTER FIVE: Rogue Cops I: San Francisco; CHAPTER SIX: Rogue Cops II: Los Angeles; CHAPTER SEVEN: Old Age Westerns; CHAPTER EIGHT: The Twilight Frontier; Bibliography; Index 330 $aLooks at a range of fiction and film texts, since 1950's, in order to analyse the ways in which masculinity has been represented in popular culture in Britain and the United States. This work covers numerous genres, including spy fiction, science fiction, the Western and police thrillers. 410 0$aContinuum literary studies. 606 $aMasculinity in motion pictures 606 $aMen in motion pictures 606 $aMasculinity in literature 606 $aMen in literature 606 $aEnglish fiction$y20th century$xHistory and criticism 606 $aAmerican fiction$y20th century$xHistory and criticism 615 0$aMasculinity in motion pictures. 615 0$aMen in motion pictures. 615 0$aMasculinity in literature. 615 0$aMen in literature. 615 0$aEnglish fiction$xHistory and criticism. 615 0$aAmerican fiction$xHistory and criticism. 676 $a700/.453 700 $aBaker$b Brian$f1969-$01478853 801 0$bMiAaPQ 801 1$bMiAaPQ 801 2$bMiAaPQ 906 $aBOOK 912 $a9910784523903321 996 $aMasculinity in fiction and film$93800289 997 $aUNINA